000 00655nam a2200277Ia 4500
005 20260320195708.0
008 008 262003s9999 xx 000 0 hin d
020 _a9788183612319
037 _aEBOOK
040 _aCRL
040 _bhin
040 _cCRL
041 _2hin
041 _ahin
084 _qCRL
100 _aमंगलेश डबराल
_91132787
245 0 _aकवि का अकेलापन
250 _a2nd
260 _bRajkamal
260 _c2016
300 _a195
856 _uhttps://ebook.indiaread.in/pdfs/9788183612319.pdf
942 _cEBOOK
999 _c1715997
_d1715997